000 00701nam a2200289Ia 4500
005 20260324124457.0
008 008 260324s9999 xx 000 0 eng d
020 _a9781315589633
037 _aEBOOK
040 _aCRL
040 _beng
040 _cCRL
041 _2eng
041 _aeng
084 _qCRL
100 _aDuncan Fuller; Andrew E.G. Jonas
_91174307
245 0 _aInterrogating Alterity
245 0 _bAlternative Economic and Political Spaces
260 _bTaylor and Francis
260 _c2010
365 _a
365 _b240
856 _uhttp://www.taylorfrancis.com/books/9781315589633
942 _cEBOOK
999 _c1768715
_d1768715